000
00236nam a22000857a 4500
008
161207b xxu||||| |||| 00| 0 eng d
100
_9
1889
_a
Sharma,R.K.etal
245
_a
ABC of Science and Technology-8
260
_a
New Delhi
_b
Holy Faith
_c
2008
999
_c
4646
_d
4646